Maliar Szemere ...

Bibliographic Details
Format: Article
Language:Slovak
Subjects:

MARC

LEADER 00000nab a22000001a 4500
001 vtls010033637
003 SK-MaSNL
005 20260426063022.0
008 091218d19321026xo |r|p|||| |000 b|slo
015 |a SNBRRBVU1918-1938 
038 |a SNKBUCL 
038 |a SNKBUVU 
040 |a SNKBUVU  |b slo  |c SNKBUCL  |e AACR2 
041 0 |a slo 
044 |a xo  |c SK 
080 |a 75.071.1  |2 1997 
080 |a 061.4  |2 1997 
245 0 0 |a Maliar Szemere ... 
500 |a V rubrike Chýrnik 
600 1 7 |a Szemere-Szmrtnik, Ján,  |d 1894-1961  |2 MM  |9 1036155 
610 2 7 |a Hotel Carlton (Bratislava, Slovensko)  |2 snkbucl  |9 81689 
648 7 |a 1932  |2 MM  |9 309437 
650 0 7 |a maďarské maliarstvo  |2 MM  |9 3118 
650 0 7 |a výstavy  |2 snkbucl  |9 2780 
651 7 |a Bratislava (Slovensko)  |2 MM  |9 14568 
773 0 |t Slovenská politika  |g Roč. 13, č. 246 (26.10.1932), s. 3 
852 |a SNK  |b KIS3GCP 
910 |a snkrbvumm 
958 |a VY 
999 |c 2551817  |d 2553747